Nhận dạng và dự báo lạm phát ở Việt Nam năm 2004 /

Saved in:
Bibliographic Details
Main Author: Bùi Đường Nghiêu
Format: Article
Language:Vietnamese
Subjects:
Tags: Add Tag
No Tags, Be the first to tag this record!
Institutions: Thư viện Trường Đại học Đà Lạt
LEADER 00800nam a2200289 4500
001 DLU060054024
040 # # |a DLU  |b vie 
041 # # |a vie 
044 # # |a vn 
100 # # |a Bùi Đường Nghiêu 
245 # # |a Nhận dạng và dự báo lạm phát ở Việt Nam năm 2004 /  |c Bùi Đường Nghiêu 
653 # # |a Lạm phát 
653 # # |a Lạm phát kinh tế 
653 # # |a Tài chính 
653 # # |a Tiền tệ 
773 # # |t Nghiên cứu kinh tế  |g Số 318, 2004, tr.3 - 10 
920 # # |a Phòng Tạp chí -- Trung tâm Thông tin - Thư viện Trường Đại học Đà Lạt 
933 # # |a QT 
994 # # |a DLU 
900 # # |a True 
911 # # |a Nguyễn Thị Yên 
925 # # |a G 
926 # # |a A 
927 # # |a BB 
980 # # |a Thư viện Trường Đại học Đà Lạt